| 000 | 01583cam a2200361 a 4500 | ||
|---|---|---|---|
| 001 | 14392010 | ||
| 003 | ARRUPE | ||
| 005 | 20150120142433.0 | ||
| 008 | 060526s2002 sw 000 0 eng | ||
| 010 | _a 2006401984 | ||
| 020 | _a9176363155 | ||
| 035 | _a(CStRLIN)PASGA2730256-B | ||
| 040 |
_aPSt _cPSt _dDLC |
||
| 042 | _alccopycat | ||
| 050 | 0 | 0 |
_aBF441 _b.K445 2002 |
| 100 | 1 |
_aKhrennikov, A. I︠U︡. _q(Andreĭ I︠U︡rʹevich), _d1958- _914372 |
|
| 245 | 1 | 0 |
_aClassical and quantum mental models and Freud's theory of unconscious/conscious mind / _cAndrei Khrennikov. |
| 246 | 1 | 4 | _aClassical and quantum mental models and Freud's theory of unconscious mind |
| 260 |
_a[Växjö, Sweden] : _bVäxjö University Press, _c[2002?] |
||
| 300 |
_axix, 207 p. ; _c24 cm. |
||
| 490 | 0 |
_aSeries mathematical modelling in physics, engineering, and cognitive sciences ; _vv. 1 |
|
| 504 | _aIncludes bibliographical references (p. 199-207) | ||
| 600 | 1 | 0 |
_aFreud, Sigmund, _d1856-1939 _914373 |
| 650 | 0 |
_aThought and thinking _xMathematical models. _914374 |
|
| 650 | 0 |
_aCognition _xMathematical models. _914375 |
|
| 650 | 0 |
_aQuantum theory. _914376 |
|
| 650 | 0 |
_aSubconsciousness. _911491 |
|
| 650 | 0 |
_aConsciousness. _914377 |
|
| 906 |
_a7 _bcbc _ccopycat _d3 _encip _f20 _gy-gencatlg |
||
| 942 |
_2lcc _cMONOGRAPH |
||
| 999 |
_c121811 _d121811 |
||